Statistics for 忠犬ハチ公像がある場所

Click here to take the quiz!

General Stats

  • This quiz has been taken 22 times
  • The average score is 2 of 5

Answer Stats

Answer% Correct
渋谷駅
100%
大館駅
50%
東京大学本郷キャンパス
45%
久居駅
14%
鶴岡駅
9%

Score Distribution

Percentile by Number Answered

Percent of People with Each Score

Your Score History

You have not taken this quiz